Lời mời và cách đáp lại trên ngữ liệu Anh - Việt
保存先:
| フォーマット: | 図書 |
|---|---|
| 出版事項: |
2007
|
| タグ: |
タグ追加
タグなし, このレコードへの初めてのタグを付けませんか!
|
| Thư viện lưu trữ: | Mạng thư viện Đại học Đà Nẵng |
|---|
| LEADER | 00480nam a22001811a 4500 | ||
|---|---|---|---|
| 001 | 000040996 | ||
| 003 | 17291 | ||
| 005 | 20160412023745.0 | ||
| 008 | 160412s2007 000 | ||
| 082 | |a LA(18)1 | ||
| 245 | |a Lời mời và cách đáp lại trên ngữ liệu Anh - Việt |c TS. Lưu Quý Khương | ||
| 260 | |c 2007 | ||
| OWN | |a LNN | ||
| 999 | |a From the UDN01 | ||
| TYP | |a Monograph | ||
| 980 | |a Mạng thư viện Đại học Đà Nẵng | ||